000 01454cam a22003015a 4500
001 121285
008 221228s2021 xxk f 001 0 eng d
020 _a 9781783214242
041 0 _aeng
050 0 4 _a692.3095
110 2 _aRoyal Institution of Chartered Surveyors
_94900
240 _aNRM 1
245 0 0 _aNRM 1
_bRICS new rules of measurement
_border of cost estimating cost planning for capital building works
_h[Electronic resource]
250 _a3rd
260 _aLondon,
_bRICS,
_cOctober 2021
300 _a476p
490 0 _aRICS Guidance Note
520 _aNRM 1 has been revised to interface with new developments, so that clients can be advised of and have confidence in the quality and consistency of the cost information being provided to them. Includes measurement rules for order of cost estimating; measurement rules for cost planning; cost control in procurement; includes sections on elements such as substructure, superstructure, internal finishes, fittings, risks & inflation
520 _aSupersedes 2nd edition, 2012.
521 _aAdvanced
650 2 4 _aRICS NEW RULES OF MEASUREMENT
650 2 4 _aNEW RULES OF MEASUREMENT 1
651 4 _aInternational
690 _aCost management
_96233
690 _aConstruction management
_96230
856 _uhttps://www.rics.org/profession-standards/rics-standards-and-guidance/sector-standards/construction-standards/nrm
_zAvailable on RICS.org
942 _n0
_2ddc
999 _c121285
_d121285